[Event "Leiden SB-ch"]
[Site "Leiden"]
[Date "2004.06.09"]
[Round "4"]
[White "Geertsma, Folkert Jan"]
[Black "Gruijters, Dirk"]
[Result "0-1"]
[WhiteElo "1931"]
[BlackElo "1918"]
[PlyCount "58"]
[EventDate "2004.05.19"]
[EventType "swiss"]
[EventRounds "7"]
[EventCountry "NED"]
[SourceTitle "EXT 2012"]
[Source "ChessBase"]
[SourceDate "2011.11.24"]
[SourceVersion "1"]
[SourceVersionDate "2011.11.24"]
[SourceQuality "1"]

1. c4 c6 2. d4 d5 3. cxd5 cxd5 4. Nc3 Nc6 5. Nf3 Nf6 6. e3 Bg4 7. Be2 e6 8. 0-0 Bd6 9. h3 Bh5 10. Bd2 0-0 11. a3 Rc8 12. Rc1 h6 13. b4 Bg6 14. Qb3 Ne4 15. Rfd1 Bb8 16. Be1 Ng5 17. Nxg5 Qxg5 18. Bf3 Ne7 19. Bd2 Qf6 20. Na4 b6 21. Rxc8 Rxc8 22. Rc1 Rd8 23. Qd1 Nf5 24. Nc3 Nh4 25. Bh5 Qg5 26. Bf3 Bh5 27. g4 f5 28. e4 Qxd2 29. Qxd2 Nxf3+ 0-1

[Event "Leiden SB-ch"]
[Site "Leiden"]
[Date "2004.05.26"]
[Round "2"]
[White "Keessen, Aldert Jan"]
[Black "Gruijters, Dirk"]
[Result "1-0"]
[WhiteElo "2166"]
[BlackElo "1918"]
[PlyCount "81"]
[EventDate "2004.05.19"]
[EventType "swiss"]
[EventRounds "7"]
[EventCountry "NED"]
[SourceTitle "EXT 2012"]
[Source "ChessBase"]
[SourceDate "2011.11.24"]
[SourceVersion "1"]
[SourceVersionDate "2011.11.24"]
[SourceQuality "1"]

1. d4 d5 2. c4 c6 3. Nc3 Nf6 4. e3 e6 5. Nf3 Nbd7 6. Qc2 Bd6 7. Bd3 dxc4 8. Bxc4 b5 9. Be2 Bb7 10. 0-0 0-0 11. Rd1 a6 12. e4 Be7 13. e5 Nd5 14. Ne4 Rc8 15. a4 c5 16. axb5 cxd4 17. Qb1 axb5 18. Bxb5 Qc7 19. Bxd7 Qxd7 20. Bg5 f6 21. exf6 Nxf6 22. Rxd4 Bd5 23. Nc3 Qb7 24. Nxd5 Nxd5 25. Bxe7 Qxe7 26. Qe1 Rfe8 27. Rad1 Rb8 28. Re4 Nf6 29. Re2 Rb6 30. Red2 Nd5 31. Qe5 h6 32. h3 Kf8 33. Nd4 Qf6 34. Qe4 Kg8 35. Re1 Qf7 36. Nf3 Nf6 37. Qd4 Reb8 38. Ne5 Qe7 39. Re3 Qb4 40. Qd3 Qa5 41. Nc4 1-0